书目信息 |
| 题名: |
钢筋混凝土结构中预埋件设计
|
|
| 作者: | 机械电子工业部设计研究院 编著 | |
| 分册: | ||
| 出版信息: | 北京 中国建筑工业出版社 1991.07 |
|
| 页数: | 222页 | |
| 开本: | 32开 | |
| 丛书名: | ||
| 单 册: | ||
| 中图分类: | TU37 | |
| 科图分类: | ||
| 主题词: | 混凝土结构 , 钢筋混凝土结构 | |
| 电子资源: | ||
| ISBN: | 7-112-01081-0 | |
| 000 | 00692nam0 2200205 45 | |
| 001 | 0009211119 | |
| 005 | 20001207164042.5 | |
| 010 | @a7-112-01081-0@d3.95元 | |
| 100 | @a20000921d1991 km y0chiy0120 ea | |
| 101 | 0 | @achi |
| 105 | @a z 000yy | |
| 200 | 1 | @a钢筋混凝土结构中预埋件设计@AGang Jin Hun Ning Tu Jie Gou Zhong Yu Mai Jian She Ji@f机械电子工业部设计研究院编著@FJi Xie Dian Zi Gong Ye Bu She Ji Yan Jiu Yuan Bian Zhu |
| 210 | @a北京@c中国建筑工业出版社@d1991.07 | |
| 215 | @a222页@d32开 | |
| 606 | 0 | @a混凝土结构 |
| 606 | 0 | @a钢筋混凝土结构 |
| 690 | @aTU37@v3 | |
| 701 | 0 | @a机械电子工业部设计研究院@4编著 |
| 801 | @aCN@bPftUser@c20000921 | |
| 905 | @dTU37@eJ:178@b516010-028@f19 | |
| 钢筋混凝土结构中预埋件设计/机械电子工业部设计研究院编著.-北京:中国建筑工业出版社,1991.07 |
| 222页;32开 |
| ISBN 7-112-01081-0:3.95元 |
| ● |
| 相关链接 |
|
|
|
正题名:钢筋混凝土结构中预埋件设计
索取号:TU37/J:178
 
预约/预借
| 序号 | 登录号 | 条形码 | 馆藏地/架位号 | 状态 | 备注 |
| 1 | 516010 | 205160109 | 自科二线404/404自科库 27排2列5层/ [索取号:TU37/J:178] | 在馆 | |
| 2 | 516011 | 205160118 | 自科二线404/404自科库 27排2列5层/ [索取号:TU37/J:178] | 在馆 | |
| 3 | 516012 | 205160127 | 土木与交通工程学院资料室/土木与交通学院资料室 1排1列1层/ [索取号:TU37/J:178] | 在馆 | |
| 4 | 516013 | 205160136 | 自科二线404/404自科库 27排2列5层/ [索取号:TU37/J:178] | 在馆 | |
| 5 | 516014 | 205160145 | 自科二线404/404自科库 27排2列5层/ [索取号:TU37/J:178] | 在馆 | |
| 6 | 516015 | 205160154 | 土木与交通工程学院资料室/土木与交通学院资料室 1排1列1层/ [索取号:TU37/J:178] | 在馆 | |
| 7 | 516016 | 205160163 | 自科二线404/404自科库 27排2列5层/ [索取号:TU37/J:178] | 在馆 | |
| 8 | 516017 | 205160172 | 土木与交通工程学院资料室/土木与交通学院资料室 1排1列1层/ [索取号:TU37/J:178] | 在馆 | |
| 9 | 516018 | 205160181 | 自科二线404/404自科库 27排2列5层/ [索取号:TU37/J:178] | 在馆 | |
| 10 | 516019 | 205160190 | 土木与交通工程学院资料室/土木与交通学院资料室 1排1列1层/ [索取号:TU37/J:178] | 在馆 | |
| 11 | 516020 | 205160207 | 建筑库101/101建筑库 85排1列3层/ [索取号:TU37/J:178] | 在馆 | |
| 12 | 516021 | 205160216 | 自科二线404/404自科库 27排2列5层/ [索取号:TU37/J:178] | 在馆 | |
| 13 | 516022 | 205160225 | 自科二线404/404自科库 27排2列5层/ [索取号:TU37/J:178] | 在馆 | |
| 14 | 516023 | 205160234 | 土木与交通工程学院资料室/土木与交通学院资料室 1排1列1层/ [索取号:TU37/J:178] | 在馆 | |
| 15 | 516024 | 205160243 | 自科二线404/404自科库 27排2列5层/ [索取号:TU37/J:178] | 在馆 | |
| 16 | 516025 | 205160252 | 自科二线404/404自科库 27排2列1层/ [索取号:TU37/J:178] | 在馆 | |
| 17 | 516026 | 205160261 | 建筑库101/101建筑库 85排1列3层/ [索取号:TU37/J:178] | 在馆 | |
| 18 | 516027 | 205160270 | 自科二线404/404自科库 27排2列1层/ [索取号:TU37/J:178] | 在馆 | |
| 19 | 516028 | 205160289 | 自科二线404/404自科库 27排2列5层/ [索取号:TU37/J:178] | 在馆 |